Central Library OPAC University of Rajshahi

পবিত্র মক্কা নগরীর ইতিহাস / (Record no. 74092)

MARC details
000 -LEADER
fixed length control field 00991nam a2200253 a 4500
001 - CONTROL NUMBER
control field 74092
003 - CONTROL NUMBER IDENTIFIER
rucl marc code BD-RjUL
005 - DATE AND TIME OF LATEST TRANSACTION
control field 20211209082507.0
008 - FIXED-LENGTH DATA ELEMENTS--GENERAL INFORMATION
fixed length control field 180222s20142011bg a|||| b||| 000 0 ben d
020 ## - INTERNATIONAL STANDARD BOOK NUMBER
International Standard Book Number 9789842001642
Terms of availability Tk. 240.00
035 ## - SYSTEM CONTROL NUMBER
System control number (BD-RjUL)74310
040 ## - CATALOGING SOURCE
Original cataloging agency BD-RjUL
Language of cataloging eng
Transcribing agency BD-RjUL
041 ## - LANGUAGE CODE
Language code of text/sound track or separate title ben
082 ## - DEWEY DECIMAL CLASSIFICATION NUMBER
Edition number 23
Classification number 953.8
Author mark and year SAP 2014
100 1# - MAIN ENTRY--PERSONAL NAME
Personal name সাথী, সিরাজ উদ্দিন
9 (RLIN) 135628
245 10 - TITLE STATEMENT
Title পবিত্র মক্কা নগরীর ইতিহাস /
Statement of responsibility, etc. সিরাজ উদ্দিন সাথী,
250 ## - EDITION STATEMENT
Edition statement ২য় সংস্ক্ররণ
260 ## - PUBLICATION, DISTRIBUTION, ETC. (IMPRINT)
Place of publication, distribution, etc. ঢাকা :
Name of publisher, distributor, etc. অ্যাডর্ন পাব ,
Date of publication, distribution, etc. ২০১৪
300 ## - PHYSICAL DESCRIPTION
Pagination ১৪২ পৃ. :
Illustrations ছবি ;
Size ২২ সেমি।
504 ## - BIBLIOGRAPHY, ETC. NOTE
Bibliography, etc নির্ঘন্ট সম্ব্লিত
651 ## - SUBJECT ADDED ENTRY--GEOGRAPHIC NAME
Geographic name মক্কা (সৌদীআরব)
Form subdivision ইতিহাস
9 (RLIN) 220252
Geographic name Mecca (Saudi Arabia)
Form subdivision History
9 (RLIN) 220253
942 ## - ADDED ENTRY ELEMENTS (KOHA)
Source of classification or shelving scheme Dewey Decimal Classification
Koha item type Books
Holdings
Lost status Source of classification or shelving scheme Damaged status Not for loan Collection code Permanent Location Current Location Shelving location Date acquired Source of acquisition Cost, normal purchase price Total Checkouts Full call number Date last seen Copy number Koha item type Date checked out
  Dewey Decimal Classification     Non-fiction Central Library, University of Rajshahi Central Library, University of Rajshahi   23/03/2017 Rajshahi News home 240.00   B 953.8 SAP 2014 22/02/2018 C-1 Books  
  Dewey Decimal Classification     Non-fiction Central Library, University of Rajshahi Central Library, University of Rajshahi   23/03/2017 Rajshahi News home 240.00 3 B 953.8 SAP 2014 14/07/2019 C-2 Books 24/04/2019
  Dewey Decimal Classification     Non-fiction Central Library, University of Rajshahi Central Library, University of Rajshahi   23/03/2017 Rajshahi News home 240.00 2 B 953.8 SAP 2014 24/12/2018 C-3 Books 13/12/2018